000 01284cam a2200361 a 4500
005 20260322212055.0
008 data
010 _a 98084431
020 _a037540256X
020 _a9780375402562
040 _aDLC
_cDLC
_dDLC
043 _an-us-md
050 0 0 _aPS3570.Y45
_bP38 1998b
082 0 0 _a813/.54
_221
100 1 _aTyler, Anne.
245 1 2 _aA patchwork planet /
_cAnne Tyler.
250 _a1st trade ed.
260 _aNew York :
_bA.A. Knopf,
_c1998.
300 _a287 p. ;
_c23 cm.
650 0 _aCharities
_zBaltimore
_zBaltimore
_xFiction.
650 0 _aMen
_xFiction.
_xFiction.
651 0 _aBaltimore (Md.)
_xFiction.
655 7 _aDomestic fiction.
_2lcsh
856 4 2 _3Contributor biographical information
_uhttp://www.loc.gov/catdir/bios/random059/98084431.html
856 4 1 _3Sample text
_uhttp://www.loc.gov/catdir/samples/random041/98084431.html
856 4 2 _3Publisher description
_uhttp://www.loc.gov/catdir/description/random043/98084431.html
906 _a7
_bcbc
_corignew
_d2
_eopcn
_f19
_gy-gencatlg
920 _a**LC HAS REQ'D # OF SHELF COPIES**
922 _aad
991 _bc-GenColl
_hPS3570.Y45
_iP38 1998b
_p00053711297
_tCopy 1
_wBOOKS
001 data
999 _c1321
_d1321